| 000 | 00857nam a2200265 i 4500 | ||
|---|---|---|---|
| 001 | 179399 | ||
| 003 | ES-MaACL | ||
| 005 | 20240509101458.0 | ||
| 008 | 111115s1985 sp c |||| | spa d | ||
| 020 | _a84-86307-02-3 | ||
| 080 | _a821.134.2-14"19" | ||
| 100 | 1 |
_aBrines, Francisco, _d1932-2021 _931751 |
|
| 245 | 1 | 0 |
_aPoemas excluidos / _cde Francisco Brines. |
| 250 | _aEd. de 1.000 ejemp. | ||
| 260 |
_aSevilla : _bRenacimiento, _c1985. |
||
| 300 |
_a47 p. : _b1 retr. ; _c21 cm. |
||
| 490 | 1 |
_aRenacimiento de poesía ; _v1 |
|
| 500 | _aEn portada y cub.: Mediodía. | ||
| 598 | _aColección dirigida por Abelardo Linares. | ||
| 830 | 0 | 0 |
_aColección Renacimiento de poesía ; _v1 _9235848 |
| 852 |
_aES-MaACL _j2307-F-29 _hDonatición: M. A. Velasco |
||
| 852 |
_aES-MaACL _jG-1311 |
||
| 942 | _2udc | ||
| 999 |
_c179399 _d179399 |
||